| 000 | 00498nam a22001937a 4500 | ||
|---|---|---|---|
| 003 | NUST - PNEC | ||
| 005 | 20170116180754.0 | ||
| 008 | 150319b xxu||||| |||| 00| 0 eng d | ||
| 020 | _a9780194420839 | ||
| 040 | _cLIBRARY | ||
| 082 | _a428.24 SWA | ||
| 100 |
_91910 _aMichael Swan |
||
| 245 |
_aOxford English Grammar Course _cMichael Swan |
||
| 250 | _a. | ||
| 260 |
_aNew York _bOxford _cC 2011 |
||
| 300 | _a338 . : | ||
| 650 |
_91909 _aOxford English Grammar Course _xAS |
||
| 942 |
_2ddc _cBK |
||
| 999 |
_c62655 _d62655 |
||